| 000 | 00550nam a2200157 4500 | ||
|---|---|---|---|
| 001 | 116131 | ||
| 003 | ES-MaACL | ||
| 005 | 20230906190637.0 | ||
| 007 | t| | ||
| 008 | 061121s1958 sp r ||||1| spa d | ||
| 100 | 1 |
_aPatiño Lens, Ramón. _989577 |
|
| 245 | 1 | 0 |
_aSuma de bonificaciones comerciales _b: tablas de equivalencias : con un apéndice para el cálculo de las ganancias / _cpor Ramón Patiño Lens. |
| 260 |
_a[S. l.] : _b[s. n.], _c1958 ( _eLa Coruña : _fImp. Boel) |
||
| 300 |
_a41 h. ; _c15 cm. |
||
| 852 |
_aES-MaACL _jC-14756 _bR.42703 |
||
| 999 |
_c116131 _d116131 |
||